| 000 | 01047nam a22002537a 4500 | ||
|---|---|---|---|
| 003 | OSt | ||
| 005 | 20150408113912.0 | ||
| 008 | 110825s2010 le k f |||| 000 0 ara d | ||
| 020 | _a9786140100527 | ||
| 040 | _cMU | ||
| 082 |
_221 _a004.071 _bغ ر ش |
||
| 100 |
_aغيلستر، رون. _93174 |
||
| 245 |
_aالشهادة IC3 : _bالدليل التعليمي / _cتأليف رون غيلستر ؛ ترجمة اوليغ عوكي |
||
| 250 | _aط. 1. | ||
| 260 |
_aبيروت : _bالدار العربية للعلوم، _c2010 |
||
| 300 |
_a645 ص. : _bأشكال ؛ _c24 سم. + _e1CD-ROM (4/ 3 4/in) |
||
| 500 | _aالكتاب ترجمة للأصل الإنجليزي IC3 Certification Study Guide. | ||
| 650 | _aالحاسبات الإلكترونية | ||
| 650 | _aالإنترنت | ||
| 650 |
_aنظم التشغيل (حاسبات إلكترونية) _93175 |
||
| 700 |
_aعوكي، اوليغ، _eمترجم. _93176 |
||
| 710 |
_aالدار العربية للعلوم. _bمركز التعريب والبرمجة. |
||
| 942 |
_2ddc _cDVD |
||
| 999 |
_c13559 _d248059 |
||